Management Accounting : Principles and Practice (Record no. 960)
[ view plain ]
| 000 -LEADER | |
|---|---|
| Fixed length control field | 00468nam a2200169 4500 |
| 003 - CONTROL NUMBER IDENTIFIER | |
| Control field | SEACOMMC |
| 005 - DATE AND TIME OF LATEST TRANSACTION | |
| Control field | 20250429152807.0 |
| 008 - FIXED-LENGTH DATA ELEMENTS--GENERAL INFORMATION | |
| Fixed length control field | 250101b |||||||| |||| 00| 0 eng d |
| 020 ## - INTERNATIONAL STANDARD BOOK NUMBER / ISBN | |
| International Standard Book Number | 978-81-2592-656-6 |
| Price | Rs.195.00 |
| 040 ## - CATALOGING SOURCE | |
| Original cataloging agency | SEACOMMC |
| 082 ## - DEWEY DECIMAL CLASSIFICATION NUMBER | |
| Classification number | 657 |
| Book Number | S 131 |
| 100 ## - MAIN ENTRY--PERSONAL NAME | |
| Personal name | Sahaf, M. A. |
| 245 1# - TITLE STATEMENT | |
| Title | Management Accounting : Principles and Practice |
| Statement of responsibility | M. A. Sahaf |
| 260 ## - IMPRINT | |
| Place of publication | New Delhi |
| Name of publisher | Vikas Publishing House |
| Date of publication | 2000 |
| 650 ## - SUBJECT ADDED ENTRY--TOPICAL TERM | |
| Topical term | Accounting |
| 942 ## - ADDED ENTRY ELEMENTS (KOHA) | |
| Koha item type | Books |
| Withdrawn status | Lost status | Source of classification | Damaged status | Not for loan | Home library | Current library | Shelving location | Date acquired | Total Checkouts | Call number | Accession number | Date last seen | Price effective from | Koha item type | Copy number |
|---|---|---|---|---|---|---|---|---|---|---|---|---|---|---|---|
| Dewey Decimal Classification | SEACOM MANAGEMENT COLLEGE | SEACOM MANAGEMENT COLLEGE | Reference | 19/12/2007 | 657 S 131 | M-1476 | 01/01/2025 | 01/01/2025 | Books | ||||||
| Dewey Decimal Classification | SEACOM MANAGEMENT COLLEGE | SEACOM MANAGEMENT COLLEGE | 19/12/2007 | 657 S 131 | M-1477 | 01/01/2025 | 01/01/2025 | Books | 1 | ||||||
| Dewey Decimal Classification | SEACOM MANAGEMENT COLLEGE | SEACOM MANAGEMENT COLLEGE | 19/12/2007 | 657 S 131 | M-1478 | 01/01/2025 | 01/01/2025 | Books | 2 | ||||||
| Dewey Decimal Classification | SEACOM MANAGEMENT COLLEGE | SEACOM MANAGEMENT COLLEGE | 19/12/2007 | 657 S 131 | M-1479 | 01/01/2025 | 01/01/2025 | Books | 3 | ||||||
| Dewey Decimal Classification | SEACOM MANAGEMENT COLLEGE | SEACOM MANAGEMENT COLLEGE | 19/12/2007 | 657 S 131 | M-1480 | 01/01/2025 | 01/01/2025 | Books | 4 | ||||||
| Dewey Decimal Classification | SEACOM MANAGEMENT COLLEGE | SEACOM MANAGEMENT COLLEGE | 19/12/2007 | 657 S 131 | M-1481 | 01/01/2025 | 01/01/2025 | Books | 5 |
